| 000 | 00517nam a2200169 i 4500 | ||
|---|---|---|---|
| 001 | 88109 | ||
| 003 | ES-MaACL | ||
| 007 | t| | ||
| 008 | 050103s1955 sp ||||1| spa d | ||
| 100 | 1 |
_aLagerlöf, Selma. _969571 |
|
| 245 | 1 | 0 |
_aGösta Berling / _cnovela de Selma Lagerlöf ; [traducción del sueco de Rodolfo J. Slaby]. |
| 250 | _a[4ª ed.]. | ||
| 260 |
_aBarcelona : _bCervantes, _c[1955] ( _fAymami) |
||
| 300 |
_a380 p. ; _c19 cm. |
||
| 700 | 1 |
_aSlaby, Rudolf J. _9106762 |
|
| 852 |
_aES-MaACL _jC-9832 _bR.37477 |
||
| 999 |
_c88109 _d88109 |
||